Design And Implementation of a Sip Based VoIP Softexchange / (Record no. 188992)

000 -LEADER
fixed length control field 00823 a2200193 4500
003 - CONTROL NUMBER IDENTIFIER
control field NUST
005 - DATE AND TIME OF LATEST TRANSACTION
control field 20251124141506.0
040 ## - CATALOGING SOURCE
Transcribing agency Nust
082 ## - DEWEY DECIMAL CLASSIFICATION NUMBER
Classification number 621.382,CHI
100 ## - MAIN ENTRY--PERSONAL NAME
Personal name Chishty, NC Fahd (TCC-19)
9 (RLIN) 132028
245 ## - TITLE STATEMENT
Title Design And Implementation of a Sip Based VoIP Softexchange /
Statement of responsibility, etc. NC Fahd Chishty, PC Fahad Bin Dawood, NC Yasir Javed and PC Osama Bin Faridoon
260 ## - PUBLICATION, DISTRIBUTION, ETC.
Place of publication, distribution, etc. Rawalpindi
Name of publisher, distributor, etc. MCS (NUST)
Date of publication, distribution, etc. July 2011
300 ## - PHYSICAL DESCRIPTION
Extent xii,93 p.;
505 ## - FORMATTED CONTENTS NOTE
Formatted contents note Introduction (Page-1), Background (Page-4), System Overview (Page-28), System Modules (Page-37), System Integration (Page-52), Application and Scope (Page-56), Extension and Conclusion (Page-58), Bibliography (Page-92).
650 ## - SUBJECT ADDED ENTRY--TOPICAL TERM
Topical term or geographic name entry element UG Projects
9 (RLIN) 98716
651 ## - SUBJECT ADDED ENTRY--GEOGRAPHIC NAME
Geographic name TCC-19
9 (RLIN) 106901
700 ## - ADDED ENTRY--PERSONAL NAME
Personal name Supervised by Maj Dr. Faisal Khan
9 (RLIN) 132029
942 ## - ADDED ENTRY ELEMENTS (KOHA)
Koha item type Project Report
Source of classification or shelving scheme
Holdings
Withdrawn status Lost status Source of classification or shelving scheme Damaged status Not for loan Permanent Location Current Location Shelving location Date acquired Full call number Barcode Date last seen Price effective from Koha item type Public note
          Military College of Signals (MCS) Military College of Signals (MCS) Reference 12/12/2016 621.382,CHI MCSPTC-126 12/08/2016 12/12/2016 Project Report Almirah No. 94, Shelf No. 3
© 2023 Central Library, National University of Sciences and Technology. All Rights Reserved.